| 000 | 00982nam a22002297a 4500 | ||
|---|---|---|---|
| 999 |
_c13615 _d13615 |
||
| 003 | AR-CdUCM | ||
| 008 | 190415b ||||| |||| 00| 0 spa d | ||
| 040 |
_aMUNICIPALIDAD PROVINCIAL DEL CUSCO _cBIBLIOTECA MUNICIPAL DEL CUSCO |
||
| 082 |
_a309.856 / _bU26 |
||
| 100 |
_aUgarte Ochoa, Marco Aurelio _932090 |
||
| 245 |
_aLa Convención : _bel trabajo y sus luchas sociales / |
||
| 260 |
_aCusco : _bAmauta, _c1983. |
||
| 300 |
_a152 páginas ; _bIlustraciones, _c20 cm. |
||
| 500 | _aHomenaje en su 126 aniversario. | ||
| 505 | _aContenido: El papel del Cusco en la colonización de la ceja de montaña y de la montaña -- Un ejemplo de neo feudalismo, La Convención -- El movimiento campesino en La Convención, Perú, la dinámica de una organización campesina ... | ||
| 650 |
_aCiencias sociales _91096 |
||
| 650 |
_aMovimientos campesinos _97308 |
||
| 650 |
_aLa Convención _98740 |
||
| 650 |
_aLuchas sociales _99086 |
||
| 942 |
_2ddc _cLIBROS |
||
| 945 |
_aacv _d2019-04-15 |
||